000 00511nam a2200133 a 4500
008 120416s1972 ||||||||||||||||| || u
020 _a0723404828
050 _aNX 60 Con
245 0 4 _aThe Concise guide to the arts: art, ballet, cinema, folk and jazz, literature, music, opera, theatre.
260 _aLondon
_bWolfe Publishing
_c1972
300 _a479p. : ill
350 _a0.00
995 _D0.00
_FCBU-MAIN LIBRARY (Kitwe)
_H1
_I8.25
_M1
_UREFERENCE
_ZReference Collection
999 _c38363
_d38363